| 000 | 00546nas a2200217 i 4500 | ||
|---|---|---|---|
| 001 | 2395 | ||
| 003 | ES-MaACL | ||
| 005 | 20250901102122.0 | ||
| 007 | t| | ||
| 008 | 950801c1946 xxu | | 1 ||ng d | ||
| 080 | _a73 | ||
| 245 | 0 | 0 | _aWorld markets. |
| 260 |
_aNew York : _b[s.n.], _c1946- |
||
| 300 |
_a2 v. ; _c27 cm. |
||
| 310 | _aSemanal | ||
| 362 | 0 | _aV. I (sep. 1946)- | |
| 650 | 1 | 7 |
_aComercio _2embne _911157 |
| 852 |
_aES-MaACL _jHem-73 |
||
| 866 | 0 | _o(1946f.n.1-15)(1947f.n.22feb.y 2sep.y 16dic.)(1948). | |
| 999 |
_c2395 _d2395 |
||